Lý thuyết sai số và bình sai trắc địa

Trình bày các kiến thức cơ bản dùng trong lý thuyết sai số và bình sai trong trắc địa như chỉ tiêu độ chính xác và lan truyền sai số, mô hình toán bình sai và nguyên lý bình phương nhỏ nhất, các vấn đề về bình sai, ellipse sai số, kiểm định g...

Full beskrivning

Sparad:
Bibliografiska uppgifter
Huvudupphovsman: Phan, Văn Hiến
Övriga upphovsmän: Đinh, Xuân Vinh
Materialtyp: Bok
Språk:Undetermined
Publicerad: H. Xây dựng 2017
Ämnen:
Länkar:http://lrc.tdmu.edu.vn/opac/search/detail.asp?aID=2&ID=35113
Taggar: Lägg till en tagg
Inga taggar, Lägg till första taggen!
Thư viện lưu trữ: Trung tâm Học liệu Trường Đại học Thủ Dầu Một
LEADER 01410nam a2200217Ia 4500
001 TDMU_35113
008 210410s9999 xx 000 0 und d
082 |a 628.44566 
090 |b PH105 
100 |a Phan, Văn Hiến 
245 0 |a Lý thuyết sai số và bình sai trắc địa 
245 0 |c Phan Văn Hiến, Đinh Xuân Vinh, Phạm Quốc Khánh, Tạ Thanh Loan, Lưu Anh Tuấn 
260 |a H. 
260 |b Xây dựng 
260 |c 2017 
300 |a 362tr. 
520 |a Trình bày các kiến thức cơ bản dùng trong lý thuyết sai số và bình sai trong trắc địa như chỉ tiêu độ chính xác và lan truyền sai số, mô hình toán bình sai và nguyên lý bình phương nhỏ nhất, các vấn đề về bình sai, ellipse sai số, kiểm định giả thuyết thống kê đối với phân số sai số và tham số bình sai, khái luận bình sai cận đại, ứng dụng bình sai trong GPS và ứng dụng bình sai trắc địa trong xử lý số liệu không gia GIS và RS 
650 |a Toán học  |x Sai số  |x Bình sai  |x Trắc địa 
700 |a Đinh, Xuân Vinh 
856 |u http://lrc.tdmu.edu.vn/opac/search/detail.asp?aID=2&ID=35113 
980 |a Trung tâm Học liệu Trường Đại học Thủ Dầu Một